000 00343nam a22001217a 4500
999 _c10312
_d10312
003 OSt
008 201217b ||||| |||| 00| 0 eng d
245 _aIUP Journal of International Relations
250 _a2013(Apr Vol.7 No.2, Jul Vol.7 No.3, Oct Vol.7 No.4)
260 _aHyderabad
_bIUP Publications
650 _aManagement
942 _2ddc
_cBV